Tiere fusioniert KI Teil 3 - Statistiken

Allgemein
  • Dieses Quiz wurde 1.490 mal gespielt
  • Das Durchschnittsergebnis liegt bei 13 aus 22
Antwortstatistiken
Bildquiz Antwort % Korrekt
Igel Schnecke
95%
Katze Pfau
95%
Hai Kamel
94%
Fuchs Schaf
93%
Giraffe Zebra
93%
Fledermaus Panda
91%
Eule Huhn
90%
Biene Frosch
85%
Nilpferd Pferd
81%
Hund Skorpion
74%
Löwe Schildkröte
72%
Eisbär Hyäne
62%
Flamingo Kuh
62%
Ameisenbär Nashorn
41%
Gazelle Marienkäfer
40%
Hamster Shrimp
40%
Orang-Utan Rabe
27%
Dachs Yak
20%
Hase Tausendfüßer
20%
Gepard Wombat
13%
Möwe Kugelfisch
11%
Capybara Schimpanse
6%
Keine übereinstimmenden Quizze gefunden
Verteilung der Resultate
Anzahl Personen mit jedem Resultat
Perzentil nach korrekt beantworteten Fragen
Ihre Resultats-Entwicklung
Sie haben dieses Quiz noch nicht gespielt